000 00486nam a2200169Ia 4500
999 _c5714
_d5714
003 OSt
005 20200116115408.0
008 190216s9999||||xx |||||||||||||| ||und||
040 _coclc
082 _a658.15
_bSRI/F
100 _aSrivastava, R M
_91151
245 0 _aFinancial Management /
_c R M Srivastava
260 _bPragati Prakashan,
_c1979.
_aMeerut:
300 _a740p
650 _xFinancial Management
942 _cBK
_2ddc
_h658.15
_iSRI/F
_k658.15
_mSRI/F